Tārīkh Maʻarrat al-Nuʻmān, (Record no. 47658)
[ view plain ]
| 000 -LEADER | |
|---|---|
| fixed length control field | 00806cam a22002171 4500 |
| 001 - CONTROL NUMBER | |
| control field | ne 64003200 |
| 003 - CONTROL NUMBER IDENTIFIER | |
| control field | DLC |
| 005 - DATE AND TIME OF LATEST TRANSACTION | |
| control field | 20260227111807.0 |
| 008 - FIXED-LENGTH DATA ELEMENTS--GENERAL INFORMATION | |
| fixed length control field | 810828m19639999sy ac b 000 0 arar |
| 010 ## - LIBRARY OF CONGRESS CONTROL NUMBER | |
| LC control number | ne 64003200 |
| 035 ## - SYSTEM CONTROL NUMBER | |
| System control number | (OCoLC)7710329 |
| 040 ## - CATALOGING SOURCE | |
| Original cataloging agency | DLC |
| Transcribing agency | TU |
| Modifying agency | TU |
| -- | DLC |
| 050 00 - LIBRARY OF CONGRESS CALL NUMBER | |
| Classification number | DS99.M2 |
| Item number | J8 |
| 100 1# - MAIN ENTRY--PERSONAL NAME | |
| Personal name | Jundī, Muḥammad Salīm. |
| 245 10 - TITLE STATEMENT | |
| Title | Tārīkh Maʻarrat al-Nuʻmān, |
| Statement of responsibility, etc. | [taʼlīf] Muḥammad Salīm al-Jundī. Haqqaqahu waʻallaqa alayh wa-wa-ḍaʻa fahārisahū ʻOmar Riḍa Kaḥalah. |
| 260 ## - PUBLICATION, DISTRIBUTION, ETC. | |
| Place of publication, distribution, etc. | Dimashq [Syria] |
| Name of publisher, distributor, etc. | Wazarat al-thaqafah wa-al-Irshad al-Qawmī, Mudīrīyat al-taʼlīf wa-al-tarjamah. |
| Date of publication, distribution, etc. | 1963- |
| 300 ## - PHYSICAL DESCRIPTION | |
| Extent | v. |
| Other physical details | illus., port. |
| Dimensions | 26 cm. |
| 440 #0 - SERIES STATEMENT/ADDED ENTRY--TITLE | |
| Title | Silsilat bilādinā, |
| Volume/sequential designation | 4 |
| 504 ## - BIBLIOGRAPHY, ETC. NOTE | |
| Bibliography, etc. note | Bibliographical footnotes. |
| 651 #0 - SUBJECT ADDED ENTRY--GEOGRAPHIC NAME | |
| Geographic name | Maʻarrat al-Nuʻmān (Syria) |
No items available.